[Event "Nalchik FIDE GP"]
[Site "Nalchik"]
[Date "2009.04.26"]
[Round "10"]
[White "Aronian, Levon"]
[Black "Eljanov, Pavel"]
[Result "1-0"]
[WhiteElo "2754"]
[BlackElo "2693"]
[Annotator "Ftacnik,Lubomir"]
[PlyCount "99"]
[EventDate "2009.04.15"]
[EventType "tourn"]
[EventRounds "13"]
[EventCountry "RUS"]
[EventCategory "19"]
[SourceTitle "CBM 130"]
[Source "ChessBase"]
[SourceDate "2009.05.20"]
[SourceVersion "1"]
[SourceVersionDate "2009.05.20"]
[SourceQuality "1"]

1. Nf3 Nf6 2. c4 e6 3. d4 d5 4. Nc3 Nbd7 5. Bf4 Bb4 6. cxd5 exd5 7. Qb3 c5 8. dxc5 Qa5 9. a3 Bxc3+ 10. bxc3 {One of the great virtues of strong players is usually the ability to spot riches in places, where other are barely suspecting them. Aronian is avoiding the tempting, but unsatisfactory line with exchange of the queens on the c3-square.} (10. Qxc3 Qxc3+ 11. bxc3 Nxc5 (11... Ne4 12. c4 dxc4 13. c6 bxc6 14. e3 Ba6 15. Rc1 Nb6 16. Ne5 Nc5 17. Nxc4 Nxc4 18. Bxc4 Bxc4 19. Rxc4 Nd3+ 20. Ke2 Nxf4+ 21. Rxf4 $16 {½-½ Polishchuk,O (2340)-Reshetnikov,E (2341)/Wloclawek 2006 (69)}) 12. e3 (12. Be5 Ke7 13. g3 {½-½ Miles,A (2500)-Lobron,E (2530)/Amsterdam 1988}) 12... Nfe4 13. c4 dxc4 14. Bxc4 Be6 15. Bb5+ Ke7 16. Nd4 Rac8 17. O-O Nc3 18. Rfc1 Nb3 19. Nxb3 Bxb3 20. Bf1 Rc6 21. e4 $11 {½-½ Kaufman,L (2400)-Seirawan,Y (2644)/Seattle 2002 (24)}) 10... Qxc5 11. Qb4 $146 {[%mdl 8] One of the ideas of this move is to make castling for Black truly problematic.} (11. e3 O-O 12. Bd3 Ne4 13. O-O Nb6 14. Be5 Nc4 15. Bd4 Qc7 16. Qc2 Re8 17. Rfb1 b6 18. Rb4 Bd7 $2 (18... Bb7 $11) 19. Rxc4 $1 dxc4 20. Bxe4 $18 {1-0 Gual Pascual,A (2340)-Gonzalez,F/Barbera 1993 (27)}) (11. Nd4 O-O $14) ({RR} 11. e3 O-O 12. Bd3 Ne4 13. O-O Nb6 14. Be5 Nc4 15. Bd4 Qc7 16. Qc2 Re8 17. Rfb1 b6 18. Rb4 Bd7 19. Rxc4 dxc4 20. Bxe4 Bc6 21. Bxh7+ Kf8 22. Ng5 Qd7 23. Bf5 Qe7 24. Nh7+ Kg8 25. Qe2 Qh4 {Gual Pascual,A (2340)-Gonzalez,F Barbera del Valles 1993 1-0}) ({RR} 11. Rd1 O-O 12. e3 b6 13. c4 Bb7 14. Qb4 Qxb4+ 15. axb4 a5 16. bxa5 bxa5 17. cxd5 Nxd5 18. Bd6 Rfc8 19. Bd3 Nc3 20. Ra1 Nf6 21. Bf5 Rc6 22. Ba3 g6 23. Bd3 Ba6 24. Nd4 Rcc8 25. Bxa6 Rxa6 {Gradalski,O (2196)-Kaczmarek,A (2074) Krakow POL 2026 1-0 (61)}) ({RR} 11. e3 O-O 12. Be2 Ne4 13. Rc1 Nb6 14. Nd4 Bd7 15. f3 Nd6 16. Qb4 Qxb4 17. axb4 Ndc4 18. Kf2 Rfe8 19. g4 Na4 20. Nf5 Bxf5 21. gxf5 {½-½ (21) Jiang,H (2439)-Aswath,S (2515) Al Ain UAE 2025}) 11... Ne4 (11... a5 12. Qxc5 (12. Qd4 b6 13. e3 Ba6 $11) 12... Nxc5 13. Nd4 Bd7 14. f3 $14) 12. Nd4 $1 b6 {In the future we will most likely see games with a more active pawn move forcing exchange of the queens.} (12... a5 $5 13. Qxc5 Ndxc5 14. f3 Nxc3 15. Rc1 N3a4 16. Nb5 Ne6 17. Nc7+ Nxc7 18. Rxc7 O-O 19. e4 dxe4 20. Bb5 Nb2 21. fxe4 $14) (12... Qxc3+ $2 13. Qxc3 Nxc3 14. Rc1 Ne4 15. Nb5 $18) 13. f3 a5 (13... Nxc3 $2 14. Bd2 $18) 14. Qxc5 Nexc5 15. Nf5 {This knight should play a prominent role in making Black's life uncomfortable.} (15. O-O-O Ne6 16. Bd6 Nxd4 17. Rxd4 Bb7 18. e4 dxe4 19. fxe4 Rc8 20. Bc4 $14) 15... Ne6 (15... g6 16. Nd6+ Ke7 17. Rd1 $14) 16. Bg3 (16. Bd6 $5 g6 17. Ne3 Bb7 (17... d4 18. cxd4 Nxd4 19. Kf2 $16) 18. Rd1 $16) 16... g6 17. Nd6+ Ke7 18. e3 $6 {This polite, modest developing move is not good enough for an advantage. Much more dangerous for Eljanov would have been an immediate attack against the d5-pawn.} (18. O-O-O $1 Nf6 19. e4 dxe4 20. fxe4 Rd8 21. Be2 $16) 18... Rd8 19. Rb1 (19. O-O-O Nf6 20. Nb5 Ba6 21. Kc2 $14) 19... Ba6 20. Kf2 f5 $6 {The best play with pawns is obviously a very difficult task even for the best players. The more modest advance of the f-pawn promised nearly full equality.} (20... f6 $1 21. Nb5 Ne5 $11) 21. Nb5 Rdc8 (21... Rac8 22. Na7 $1 Rxc3 23. Bxa6 Ra8 24. Nc8+ Kd8 25. Rhc1 Rxc1 26. Rxc1 Nec5 (26... Rxa6 27. Rc6 Nec5 28. Nxb6 Nxb6 29. Rxc5 $16) 27. Bb5 Rxc8 28. Rd1 Nf6 29. Bh4 Ke7 30. Rxd5 $16) 22. Be2 Bxb5 (22... Nf6 23. Be5 Rc6 24. Rhd1 Nd7 25. Rxd5 Nxe5 26. Rxe5 Bxb5 27. Rbxb5 Rd8 28. Rb2 $16) 23. Rxb5 Rxc3 24. Rxd5 Nf6 {Black was becoming nervous in the face of the prospect of fighting with two knights against the potentially very dangerous pair of bishops.} (24... Rxa3 $4 25. Bd6+ $18) (24... Rac8 $5 25. Rb1 Rc2 26. Rbd1 $14) 25. Rd2 Nc5 26. Rb1 Nfe4+ $1 {At this position the logical realisation of the plan represents the best solution.} (26... Rxa3 27. Rxb6 Nfe4+ 28. fxe4 Nxe4+ 29. Ke1 Nxd2 30. Bd6+ $18) 27. fxe4 Nxe4+ 28. Ke1 Nxd2 (28... Nxg3 29. hxg3 Rxa3 30. Rxb6 Rxe3 31. Kf2 $18) 29. Kxd2 Rxa3 30. Bh4+ $1 (30. Rxb6 Ra2+ 31. Ke1 Rc8 $132) 30... Kf7 $2 {The secret dream for White was to get a chance to activate both bishops. The king retreat to f7 is the worst possible decision, since the bishops will turn into untamable beasts.} (30... Kd7 31. Rxb6 Ra2+ 32. Ke1 Rc8 $14) 31. Bc4+ Kg7 32. Rxb6 Ra4 (32... Rc8 33. Bb3 a4 34. Bf6+ Kh6 35. Bd5 $18) 33. Bf6+ Kh6 34. Rc6 Ra7 (34... Rb4 35. Rc7 a4 36. Be2 a3 37. h4 Rxh4 38. Bxh4 a2 39. Bf6 $18) 35. h4 $1 {The black king has hidden himself on the edge of the board, but Aronian can now dream about mating net.} Kh5 (35... Rb4 36. e4 $1 fxe4 37. g4 $18) 36. Ke1 (36. e4 $1 fxe4 (36... Kg4 37. e5 $18) 37. Be2+ Kh6 38. g4 Ra2+ 39. Ke1 $18) 36... Rb7 (36... Rxc4 37. Rxc4 a4 38. Rc2 $16) 37. Kf2 Rab4 (37... Ra7 38. e4 $18) 38. Bg5 {White is consequently following his own concept of attack against the enemy king and again ignores the tactical motif of the e-pawn advance.} (38. e4 $1 Rb2+ 39. Be2+ Rxe2+ 40. Kxe2 fxe4 41. Rc5+ Kh6 42. g4 $18) 38... Rb2+ 39. Be2+ (39. Kg3 Rd2 40. e4 Rc2 41. Bd3 Rcb2 42. exf5 $18) 39... Rxe2+ 40. Kxe2 Kg4 {Eljanov has no time for the counter attack with the help of the advanced a-pawn, so has to try for activity on the other side of the board.} (40... a4 41. Kf3 h6 42. Rc8 Rh7 43. Bf4 $18) 41. Kf2 Rb2+ 42. Kg1 Kg3 43. Bf4+ Kxh4 44. Rc7 h5 (44... h6 45. Bxh6 $18) 45. Rc4 $1 Rb4 (45... Ra2 46. Kh2 a4 47. Bh6+ $18) (45... g5 46. Be5+ g4 47. Bxb2 $18) 46. Rd4 {The final stage will turn out to be one long and elegant combination.} g5 (46... Kg4 47. Rd6 (47. Bd6+) 47... g5 48. Rg6 Rxf4 49. exf4 Kxf4 50. Ra6 $18) 47. Bd6+ Rxd4 48. exd4 Kg4 49. d5 f4 50. Bxf4 $1 1-0

[Event "Olympiad-34"]
[Site "Istanbul"]
[Date "2000.11.02"]
[Round "6.1"]
[White "Krasenkow, Michal"]
[Black "Seirawan, Yasser"]
[Result "0-1"]
[WhiteElo "2702"]
[BlackElo "2647"]
[Annotator "Ftacnik,Lubomir"]
[PlyCount "82"]
[EventDate "2000.10.28"]
[EventType "team-swiss"]
[EventRounds "14"]
[EventCountry "TUR"]
[SourceTitle "EXT 2001"]
[Source "ChessBase"]
[SourceDate "2000.11.22"]
[SourceVersion "1"]
[SourceVersionDate "2000.11.22"]
[SourceQuality "1"]
[WhiteTeam "Poland"]
[BlackTeam "US of America"]
[WhiteTeamCountry "POL"]
[BlackTeamCountry "USA"]

1. Nf3 Nf6 2. c4 e6 3. Nc3 d5 4. d4 Nbd7 5. cxd5 exd5 6. Bf4 c6 7. h3 Bb4 8. Qb3 Qa5 9. Bd2 (9. e3 Ne4 10. Rc1 Ndf6 11. a3 Be7 $11) 9... O-O 10. e3 (10. a3 Be7 11. e3 Qb6 $11) 10... Re8 11. Bd3 Qb6 (11... c5 $5 12. a3 Bxc3 13. Bxc3 Qd8 14. dxc5 Nxc5 15. Qc2 Nfe4 16. O-O $13) 12. Qc2 (12. O-O Bd6 (12... Ne4 $2 13. Nxe4 dxe4 14. Ng5 $18) 13. Qc2) 12... Bd6 13. O-O Qd8 $146 (13... Nf8 14. Rab1 Ne6 15. b4) ({RR} 13... Nf8 14. a3 Qd8 15. Rfe1 g6 16. e4 dxe4 17. Nxe4 Nxe4 18. Bxe4 Be6 19. Bh6 Nd7 20. Ng5 Bd5 21. Bxd5 cxd5 22. Rxe8+ Qxe8 23. Qd2 Nf6 24. Re1 {½-½ (24) Leitao,R (2601)-Limp,E (2416) Guarulhos 2006}) 14. Rfe1 h6 15. Rab1 (15. e4 dxe4 16. Nxe4 Nxe4 17. Bxe4 Nf6 $11) 15... Nb6 (15... a5 16. a3 Nb6 17. b4 $13) 16. b4 a6 17. a4 {The minority attak offers Krasenkow the chance for a slight advantage.} Be6 18. Ne5 (18. a5 Nbd7 19. Na4 Ne4 20. Nc5 Nxd2 21. Nxd2 $14) 18... Nfd7 (18... Qe7 19. a5 Nc4 20. Bxc4 dxc4 21. Qb2 $13) 19. f4 (19. Nxd7 Nxd7 20. e4 Qh4 $132) 19... Nf8 (19... Nxe5 20. fxe5 Bc7 21. Rf1 Nc4 22. Bxc4 dxc4 23. a5 $14) 20. a5 Nc8 (20... Nc4 21. Bxc4 dxc4 22. Ne2 $14) (20... Nbd7 $2 21. f5 Nxe5 22. dxe5 Bxe5 23. fxe6 Nxe6 24. e4 $16) 21. f5 Bd7 22. Nxd7 Nxd7 (22... Qxd7 23. f6 $1 gxf6 (23... Ne6 24. Rf1 $14) 24. e4 $14) 23. e4 Qh4 {The queen from h4 endangers white king and indirectly slows down white's progress in the center due to the weakness of d4 pawn.} (23... dxe4 24. Nxe4 Be7 25. Bf4 Nf6 26. Nxf6+ Bxf6 27. Rxe8+ Qxe8 28. Qc5 $14) 24. Be3 Bg3 25. Re2 (25. Rf1 $6 dxe4 26. Nxe4 Nd6 27. Nxg3 Rxe3 $15) 25... Ne7 26. e5 (26. exd5 Nf6 $1 27. dxc6 Nxc6 28. Kh1 (28. d5 Nxb4 $17) 28... Nxd4 29. Bxd4 Qxd4 $15) 26... Nxe5 $1 27. dxe5 d4 28. Bd2 (28. f6 dxe3 $1 29. fxe7 Bxe5 30. Nd1 Rxe7 31. Qc4 Bf4 $15) 28... dxc3 29. Re4 (29. Bxc3 Nd5 30. e6 Bc7 $13) 29... cxd2 $5 {[%mdl 1024] Defensive sacrifice of the queen, since the alternative 29...Qh5 was too dangerous.} (29... Qh5 30. Bxc3 Nxf5 31. Rf1 $1 Ne7 (31... Rad8 $2 32. Rf3 $18) 32. Rf3 $1 (32. Rg4 Bxe5 33. Bc4 Nd5 (33... Rf8 34. Be2 Ng6 35. Rxg6 Qxg6 36. Qxg6 fxg6 37. Bxe5 $16) 34. Rf5 Qxg4 35. hxg4 Bxc3 36. Bxd5 Bd4+ 37. Kf1 cxd5 $15) 32... Bh4 33. Ref4 Rf8 34. Bh7+ Kh8 35. Qe4 Bg5 36. g4 Qh4 37. Be1 $16) 30. Rxh4 Bxh4 31. Qxd2 Nd5 32. e6 $6 (32. Qb2 Bg3 33. e6 fxe6 34. Be4 Rad8 (34... exf5 35. Bxd5+ cxd5 36. Qb3 $16) 35. Qb3 Bc7 36. Rd1 $14) 32... fxe6 33. fxe6 Rxe6 34. Bc2 (34. Bc4 Rd8 $11) 34... Rae8 35. Qd3 $2 {White is hoping to attack the enemy king, but underestimates the real danger to his own one.} (35. Bb3 Be1 36. Qd4 Re5 $15) 35... Re1+ 36. Rxe1 Rxe1+ 37. Kh2 Re3 $1 38. Qh7+ (38. Qg6 Bg3+ 39. Qxg3 Rxg3 40. Kxg3 Nxb4 $19) 38... Kf8 39. g3 (39. g4 Bg3+ 40. Kg1 Nf4 41. Qf5+ Ke8 42. Qc8+ Ke7 43. Qc7+ Ke6 44. Qc8+ Kd5 45. Qf5+ Re5 $19) (39. Qf5+ Ke7 40. Qg6 Bg3+ $19) 39... Bxg3+ 40. Kg1 Nf4 41. Qf5+ Ke8 $1 {White certainly resigned a bit too early, but one can understand his feeling at the prospect of black's king escape towards the c2 bishop.} (41... Ke7 $4 42. Qc5+ $18) (41... Ke8 $1 42. Qc8+ Ke7 43. Qc7+ (43. Qxb7+ Kd6 44. Qb8+ Kd5 $19) 43... Ke6 44. Qc8+ Kd5 45. Qf5+ Re5 46. Qf7+ Kd4 47. Qxg7 Kc4 48. Bb3+ Kxb4 49. Qxb7+ Kc3 (49... Ka3 50. Bc4 Re1+ 51. Bf1 $14) 50. Qg7 Ne2+ 51. Kg2 Kxb3 $19) 0-1

[Event "FIDE World Cup"]
[Site "Tbilisi"]
[Date "2017.09.04"]
[Round "1.2"]
[White "Zhigalko, Sergei"]
[Black "Kuzubov, Yuriy"]
[Result "0-1"]
[WhiteElo "2644"]
[BlackElo "2652"]
[Annotator "Krasenkow,Michal"]
[PlyCount "136"]
[EventDate "2017.09.03"]
[EventType "k.o."]
[EventRounds "7"]
[EventCountry "GEO"]
[SourceTitle "CBM 181"]
[Source "ChessBase"]
[SourceDate "2017.11.10"]
[SourceVersion "1"]
[SourceVersionDate "2017.11.10"]
[SourceQuality "1"]

1. d4 Nf6 2. c4 e6 3. Nf3 d5 4. Nc3 Nbd7 5. cxd5 exd5 6. Bf4 c6 7. e3 Nh5 8. Bg5 Be7 9. Bxe7 Qxe7 10. Qc2 Nb6 11. Ne5 (11. O-O-O {- see Nakamura - Aronian in CBM 173.}) (11. h3 {is another popular move.}) 11... g6 {[%cal Yc8f5,Yh5g7]} (11... Nf6 12. Bd3 g6 13. O-O Ng4 14. Nf3 O-O 15. Rab1 Nh6 16. b4 a6 17. Rfe1 Bf5 18. e4 dxe4 19. Nxe4 Rad8 20. a4 Nd5 21. Qd2 Kg7 22. b5 $14 {1/2 (40) Radjabov,T (2747)-Morozevich,A (2762) Sochi 2007}) 12. Be2 (12. Bd3 f6 13. Nf3 Nf4) (12. O-O-O Bf5 13. Qe2 Nf6 14. g4 Be6 15. f3 O-O-O 16. h4 Nfd7 17. Nd3 Rhe8 18. Bg2 f6 19. Qf2 Qd6 20. Kb1 Kb8 $11 {1-0 (71) Le,Q (2715)-Ponomariov,R (2764) Dortmund 2011 CBM 144 [Le Quang Liem]}) (12. g4 Ng7 13. h3 f6 14. Nd3 Bd7 15. Nc5 Ne6 $1 16. Nxd7 Qxd7 17. h4 O-O-O 18. O-O-O Kb8 19. h5 g5 20. h6 Nc7 21. Bd3 Ne8 $11 {[%cal Ye8d6]} (21... Nb5 $6 22. Nxb5 cxb5 23. Kb1 Nc4 24. Qe2 $14 {[%csl Rb5,Rb7,Rd5] 1/2 (41) Hertneck,G (2502)-Hansen,C (2610) Germany 2002})) 12... Ng7 (12... Bf5 13. Qb3 f6 14. Nf3 Ng7 15. O-O Nc8 $6 (15... O-O {was apparently quite possible}) 16. Rfe1 Nd6 17. Nd2 Be6 18. Qa3 Kf7 19. b4 $14 b5 $6 20. e4 $1 {1-0 (78) Tregubov,P (2535)-Smagin,S (2575) St Petersburg 1998 CBM 067 [Tsesarsky]}) 13. O-O O-O $11 {Black is ready to play ...c8-f5 at an appropriate moment and solve all his problems.} 14. Bd3 $146 (14. Rfe1 Bf5 15. Qb3 Nc8 16. Na4 Nd6 17. Rac1 f6 18. Nd3 Bxd3 19. Bxd3 f5 20. Bf1 Ne6 21. Qd1 g5 22. g3 Rf6 23. b3 Rh6 24. Nb2 Kh8 25. Nd3 Rg8 $13 {1/2 (37) Beliavsky,A (2630)-Heberla,B (2525) Plovdiv 2012}) ({RR} 14. Rfe1 Bf5 15. Qb3 Nc8 16. Na4 Nd6 17. Rac1 f6 18. Nd3 Bxd3 19. Bxd3 f5 20. Bf1 Ne6 21. Qd1 g5 22. g3 Rf6 23. b3 Rh6 24. Nb2 Kh8 25. Nd3 Rg8 26. Rc2 g4 27. Ne5 Ng5 28. Bg2 Ndf7 {Beliavsky,A (2630)-Heberla,B (2525) Plovdiv 2012 ½-½ (37)}) ({RR} 14. Rfe1 Nf5 15. Bf1 Nd6 16. f3 Be6 17. Qf2 Rad8 18. Rad1 a6 19. Nd3 Nb5 20. Ne2 Bc8 21. Nef4 Rfe8 22. Nc5 Nd7 23. Ncd3 Nf6 24. h4 h5 25. Ne5 Nd6 26. Bd3 Bf5 27. Bf1 Bc8 28. Rc1 Nd7 {Beliavsky,A (2499)-Davies,N (2380) Nova Gorica SLO 2023 ½-½ (78)}) 14... Bf5 15. Rab1 Bxd3 16. Qxd3 Nf5 17. b4 Rfc8 18. Rfc1 Nd6 19. a4 f6 20. Nf3 Ne4 21. Nxe4 dxe4 22. Qb3+ Qf7 23. Nd2 Qxb3 24. Rxb3 f5 25. a5 Nd5 26. Nc4 a6 27. g3 Re8 28. Nb6 {A risky decision. White's b6-pawn becomes vulnerable.} (28. h4 $11 {was quite safe.}) 28... Nxb6 29. axb6 {[%mdl 4096]} Rad8 30. Rc5 Kf7 31. Rbc3 Re7 32. h4 Red7 33. Kf1 Rd5 34. Ke2 Ke6 {Black has the initiative here as White's rooks are tied up to prevent ...d5-b5, and Black can gradually prepare ...h7-h6 and ...g6-g5. However, White should hold on without major problems.} 35. Rxd5 $6 {An inaccurate exchange. White underestimates his opponent's reply.} cxd5 $1 {[%cal Rd8d6]} ({After} 35... Rxd5 36. Rc5 Rxc5 37. bxc5 Kd5 38. Kd2 Kc4 39. Kc2 {Black can't break through.}) 36. b5 (36. Rc7 Rd7) 36... axb5 37. Rc7 Rd7 38. Rc5 Rd6 39. Rxb5 Rc6 40. Kd2 Kd6 41. h5 {Unnecessary.} ({After} 41. Rb1 Rc4 42. Rb5 Kc6 43. Ra5 {Black could hardly make progress.}) 41... gxh5 42. Rb1 Kd7 43. Rh1 Rh6 44. Rh4 Kc6 45. Kc3 Kxb6 46. Kb4 Kc6 47. Rf4 $6 {Another inaccuracy. It was better to wait:} (47. Ka5) 47... h4 $1 48. gxh4 (48. Rxh4 $2 Rxh4 49. gxh4 b5 50. Ka5 h5 $19) 48... Rf6 49. Ka4 b6 50. Kb4 b5 51. h5 (51. Ka5 $5 Rf8 52. Kb4 Kd6 53. Kxb5 Rb8+ 54. Ka4 Ke6 55. Ka3) 51... Rf8 52. Ka5 h6 53. f3 $6 {Probably a decisive mistake. There was no need to weaken the e3-pawn.} ({It is still unclear how Black can win after} 53. Kb4 Kb6 54. Rh4 Rg8 55. Rf4 Rg5 56. Rh4 Rg4 57. Rh1 {[%cal Yh1c1]} Rg2 58. Rf1) 53... Rf7 54. Kb4 Rf6 55. Ka5 Rf8 56. Kb4 Kb6 $6 (56... Kd6 $1) 57. Kb3 $6 (57. fxe4 $5 dxe4 58. d5 Kc7 59. Kxb5 Kd6 60. Kc4 Ke5 61. Rf1 {looks like White's last chance to survive. E.g.} Rc8+ 62. Kb4 $1 Rd8 63. Kc4 $1 Rc8+ 64. Kb4 Rc2 65. Rd1 $1 Kd6 66. Rf1 {etc.}) 57... Kc7 58. Kb4 Kd6 59. fxe4 dxe4 60. Kxb5 Ke6 61. Rf1 (61. Kb4 {was more stubborn but White should probably lose in the long term:} Rb8+ $1 (61... Rc8 62. Rf1 Rc2 63. d5+ Ke5 64. Rd1 Kd6 65. Rf1) (61... Rg8 62. Rf1 Rg3 63. d5+) 62. Kc3 Ra8 63. Rf1 (63. Kb2 Rg8 64. Rf1 Rg2+) (63. Kb3 Ra1) 63... Ra3+ 64. Kd2 Ra2+ 65. Ke1 Kf6 {etc.}) 61... f4 $1 {Black creates a strong passed pawn, which decides the game.} 62. exf4 Kd5 63. Kb4 Kxd4 64. Rd1+ Ke3 65. Rd6 Kf2 66. Rxh6 e3 67. Re6 e2 68. Kc5 Rxf4 0-1